| 000 | 00763nam a2200265Ia 4500 | ||
|---|---|---|---|
| 003 | GCL | ||
| 008 | 140319s9999 xx 000 0 ara d | ||
| 040 |
_aGCL / _cGCL |
||
| 082 | 0 | 4 |
_a953.023 _bا ف |
| 100 | 1 | _aابن عبدالحكم | |
| 245 | 1 | 0 |
_aفتوح مصر والمغرب / _cابن عبدالحكم |
| 700 | 1 | _aعبدالمنعم عامر | |
| 260 |
_a[S.N] : _bلجنة البيان العربى |
||
| 300 | _a303 | ||
| 490 | _a | ||
| 650 | 0 | 4 | _aمصر |
| 650 | 0 | 4 | _aالاندلس |
| 650 | 0 | 4 | _aالفتوحات الاسلامية |
| 650 | 0 | 4 | _aمصر القديمة |
| 650 | 0 | 4 | _aالتاريخ الاسلامى |
| 650 | 0 | 4 | _aالتاريخ |
| 650 | 0 | 4 | _aافريقيا |
| 650 | 0 | 4 | _aعمروبن العاص (ل) |
| 942 |
_2ddc _cBK |
||
| 999 |
_c59083 _d59083 |
||